Lidský kapitál : úvod do ekonomie chování / Jiří Kameníček
Record details
- ISBN: 80-246-0449-3
- Physical Description: 248 s. : il. ; 21 cm
- Edition: Vyd. 1.
- Publisher: Praha : Karolinum, 2003
Content descriptions
| General Note: | Souběžné anglické resumé |
| Bibliography, etc. Note: | Obsahuje bibliografii a rejstřík |
Search for related items by subject
| Subject: | lidské chování > ekonomické aspekty lidský kapitál human capital human behavior > economic aspects |
| Genre: | studie studies |
Available copies
- 1 of 1 copy available at Common Catalog SPOK.
Holds
- 0 current holds with 1 total copy.
Show Only Available Copies
| Location | Call Number / Copy Notes | Barcode | Shelving Location | Status | Due Date |
|---|---|---|---|---|---|
| Jabok Library | Soc-8.2 | 424480018918 | Odborná literatura | Available | - |
Electronic resources
Version of Resource: Digitalizovaný dokument
| LDR | 01347nam a2200409 a 4500 | ||
|---|---|---|---|
| 001 | 6361 | ||
| 003 | CZ-PrJAB | ||
| 005 | 20160907075416.0 | ||
| 007 | tu | ||
| 008 | 030626s2003 xr a e 001 0 cze | ||
| 015 | . | ‡acnb001192291 | |
| 020 | . | ‡a80-246-0449-3 ‡q(brož.) | |
| 035 | . | ‡a(CZ PrNK)cpk20031192291 | |
| 035 | . | ‡a(OCoLC)53272620 | |
| 040 | . | ‡aABA001 ‡bcze | |
| 041 | 0 | . | ‡acze ‡beng |
| 072 | 7. | ‡a33 ‡xEkonomie ‡2Konspekt ‡94 | |
| 080 | . | ‡a159.95 ‡2MRF | |
| 080 | . | ‡a33 ‡2MRF | |
| 080 | . | ‡a331.108.23 ‡2MRF | |
| 080 | . | ‡a(048.8) ‡2MRF | |
| 100 | 1 | . | ‡aKameníček, Jiří, ‡d1946- ‡7ola2003188627 ‡4aut |
| 245 | 1 | 0. | ‡aLidský kapitál : ‡búvod do ekonomie chování / ‡cJiří Kameníček |
| 250 | . | ‡aVyd. 1. | |
| 260 | . | ‡aPraha : ‡bKarolinum, ‡c2003 | |
| 300 | . | ‡a248 s. : ‡bil. ; ‡c21 cm | |
| 500 | . | ‡aSouběžné anglické resumé | |
| 504 | . | ‡aObsahuje bibliografii a rejstřík | |
| 650 | 0 | 7. | ‡alidské chování ‡7ph117221 ‡xekonomické aspekty ‡2czenas |
| 650 | 0 | 7. | ‡alidský kapitál ‡7ph122348 ‡2czenas |
| 650 | 0 | 9. | ‡ahuman capital ‡2eczenas |
| 650 | 0 | 9. | ‡ahuman behavior ‡xeconomic aspects ‡2eczenas |
| 655 | 7. | ‡astudie ‡7fd133597 ‡2czenas | |
| 655 | 9. | ‡astudies ‡2eczenas | |
| 856 | 4 | 1. | ‡uhttp://kramerius4.nkp.cz/search/handle/uuid:da8b6840-0980-11e3-9923-005056827e52 ‡yDigitalizovaný dokument |
| 910 | . | ‡aABG312 | |
| 901 | . | ‡a6361 ‡bUnknown ‡c6361 ‡tbiblio | |